000 00578nam a2200181Ia 4500
003 GCL
008 140319s9999 xx 000 0 ara d
040 _aGCL /
_cGCL
082 0 4 _a811.9
_bا ن
100 1 _aاحمد زيادة
245 1 0 _aنزار : شاعر الحب والمرأة والسياسة 00 ما له وما عليه /
_cاحمد زيادة
300 _a158 ص
490 _aالهيئة العامة للاستعلامات
_v0
650 0 4 _aالشعر العربى
650 0 4 _aالادب العربى
650 0 4 _aنزار قبانى
942 _2ddc
_cBK
999 _c48939
_d48939